000
00329nam a22001457a 4500
008
221202b ||||| |||| 00| 0 eng d
020
_a
9781617312779
041
_a
eng
080
_2
EIGHTH EDITION
_a
611
082
_a
611MOR
100
_a
10
101
_a
ANATO
245
_a
ANATOMY PHYSIOLOGY
_c
MORTON A D
942
_2
udc
_c
BK
999
_c
59073
_d
59073